| 000 | 00363nam a2200109Ia 4500 | ||
|---|---|---|---|
| 008 | 171204s9999 xx 000 0 und d | ||
| 245 | 4 | _aThe Personality Disorders Treatment Planner: Includes DSM-5 Updates | |
| 245 | _cJulia C. Smith and Neil R. Bockian | ||
| 260 | _c2016 | ||
| 650 | _xPERSONALITY THEORIES | ||
| 856 | _uhttp://down.ebook777.com/052/0470908688.pdf | ||
| 999 |
_c346474 _d346474 |
||